| 000 | 00751nam a2200193 4500 | ||
|---|---|---|---|
| 999 |
_c181039 _d181039 |
||
| 005 | 20210826162140.0 | ||
| 010 | _aB-741406 | ||
| 020 |
_a9789386691279 _c795.00 |
||
| 035 | _aB-741406 | ||
| 037 | _bGift | ||
| 082 | _a657.42 | ||
| 100 | _aPrasath,B.Saravana | ||
| 245 |
_aStudent's handbook on cost and management accounting / _cby B.Saravana Prasath |
||
| 260 |
_aGurgaon (Haryana) _bWolters Kluwer _c2017 |
||
| 270 |
_a10th Floor, Tower C Building No.10 Phase-ll, DLF Cyber City, _bGurgaon (Haryana) |
||
| 300 |
_avp.: _bill _c28cm(pbk) |
||
| 942 |
_2ddc _cEN _h657.42 _mPRA |
||